"Zření duchovního kosmu" a "ars interpretandi" : [anatomie literární hermeneutiky: umění hermeneuticko-genologické interpretace ...] /

Hlavní autor: Mikulášek, Miroslav, 1930-
Korporativní autor: Ostravská univerzita. Katedra slavistiky
Jazyk: Čeština
Vydáno: Ostrava : Ostravská univerzita v Ostravě, 2008
Vydání: Vyd. 1.
Edice: Studijní texty
Témata:
Externí odkaz: Digitalizovaný dokument
Fyzický popis: 200 s. : il., portréty ; 21 cm
Knihy
Uloženo v:
LEADER 02298nam a2200565 a 4500
001 nkc20081816507
003 CZ PrNK
005 20081114142054.0
007 ta
008 080919s2008 xr ac e p 000 0 cze
015 |a cnb001816507 
020 |a 978-80-7368-582-9  |q (brož.) :  |c Kč 170,00 
035 |a (OCoLC)271610756 
040 |a ABA001  |b cze  |d OLA001  |d BOA001 
072 7 |a 82.0  |x Literatura (teorie)  |2 Konspekt  |9 11 
072 7 |a 37.016  |x Učební osnovy. Vyučovací předměty. Učebnice  |2 Konspekt  |9 22 
080 |a 82.07  |2 MRF 
080 |a 801.73  |2 MRF 
080 |a 82.0  |2 MRF 
080 |a (048.8)  |2 MRF 
080 |a (07)  |2 MRF 
100 1 |a Mikulášek, Miroslav,  |d 1930-  |7 jk01081627  |4 aut 
245 1 0 |a "Zření duchovního kosmu" a "ars interpretandi" :  |b [anatomie literární hermeneutiky: umění hermeneuticko-genologické interpretace ...] /  |c Miroslav Mikulášek 
246 3 0 |a Anatomie literární hermeneutiky 
246 3 0 |a Umění hermeneuticko-genologické interpretace 
250 |a Vyd. 1. 
260 |a Ostrava :  |b Ostravská univerzita v Ostravě,  |c 2008 
300 |a 200 s. :  |b il., portréty ;  |c 21 cm 
490 1 |a Studijní texty 
500 |a Nad názvem: Ostravská univerzita v Ostravě, Filozofická fakulta, katedra slavistiky 
500 |a 100 výt. 
504 |a Obsahuje bibliografii a bibliografické odkazy 
650 0 7 |a vnímání literárního díla  |7 ph274709  |2 czenas 
650 0 7 |a hermeneutika  |7 ph120687  |2 czenas 
650 0 7 |a genologie  |7 ph138243  |2 czenas 
650 0 9 |a perception of literature  |2 eczenas 
650 0 9 |a hermeneutics  |2 eczenas 
650 0 9 |a genology (literature)  |2 eczenas 
655 7 |a studie  |7 fd133597  |2 czenas 
655 7 |a učební texty  |7 fd133599  |2 czenas 
655 9 |a studies  |2 eczenas 
655 9 |a educational texts  |2 eczenas 
710 2 |a Ostravská univerzita.  |b Katedra slavistiky  |7 mzk2003191066 
810 2 |a Ostravská univerzita.  |b Filozofická fakulta.  |t Studijní texty  |0 s 
856 4 1 |u http://www.digitalniknihovna.cz/mzk/uuid/uuid:35fd5e40-5cb5-11e3-ae59-005056827e52  |y Digitalizovaný dokument  |x NDK 
910 2 |a BOA001  |b 2-1210.893 
990 |a BK 
995 |a 01 
991 |b 200809  |c NOV 
996 6 |b 2610353783  |c 2-1210.893  |l MZK  |r Sklad / do 1 hodiny  |n 2  |p p.v.  |w 000912425  |u 000010  |a 1  |e BOA001  |j MZK50  |s P